| 000 | 00437nam a2200133 a 4500 | ||
|---|---|---|---|
| 001 | 000044404 | ||
| 005 | 20201002045341.0 | ||
| 008 | 140627s2011 dr acd 000 0 spa d | ||
| 040 |
_aDO-SdBNP _bspa _cBNPHU |
||
| 110 | 2 |
_aCooperativa Nacional de Servicios Multiples de los Maestros _963774 |
|
| 245 | 1 | 0 |
_aMemorias : _bexitos de una gestión/. |
| 260 |
_aSanto Domingo : _bCOOPNAMA, _c2011 . |
||
| 300 |
_a90 p. : _bil. gráf., retrs. ; _c24 cm. |
||
| 999 |
_c43893 _d43893 |
||